| 000 | 00604nam a2200241Ia 4500 | ||
|---|---|---|---|
| 008 | 160901s9999 xx 000 0 und d | ||
| 020 | _a1-56830-465-X | ||
| 050 | _aComSc T 385 | ||
| 050 | _b.S56 1998 | ||
| 100 | _aSimsic, Greg. | ||
| 245 | _aPhotoshop 5 type magic / | ||
| 245 | _cGreg Simsic. | ||
| 260 | _a[s.l.] : | ||
| 260 | _bNew Riders Pub., | ||
| 260 | _c1998 | ||
| 300 | _a241 pages : | ||
| 300 | _bcol. ill. ; | ||
| 300 | _c23 cm. | ||
| 300 | _eCD-ROM | ||
| 650 | _aAdobe Photoshop. | ||
| 650 | _aType and type-founding --Digital techniques. | ||
| 650 | _xComputer graphics. | ||
| 999 |
_c300975 _d300975 |
||